| 000 | 02033nam a2200397 i 4500 | ||
|---|---|---|---|
| 001 | 194903 | ||
| 003 | ES-MaACL | ||
| 005 | 20250708193548.0 | ||
| 008 | 240321u2023uuuuuuuuu-|-o----u|----|eng-d | ||
| 017 |
_aBI 00113-2023 _bOficina Depósito Legal Bilbao |
||
| 020 | _a9788492937943 | ||
| 035 | _a(CKB)5680000000302596 | ||
| 035 | _a(EXLCZ)995680000000302596 | ||
| 040 |
_bspa _cES-MaACL |
||
| 080 | _a330.567.22 (460) | ||
| 080 | _a64.01:379.9 (460) | ||
| 080 | _a64.03/.06 (460) | ||
| 100 |
_aCandau Benegas, Eva _9236528 _eaut |
||
| 245 | 1 | 0 |
_aMás allá del PIB : _bel valor de la producción doméstica y el ocio en España / _cEva Benages Candau, Alicia Gómez Tello, Laura Hernández Lahiguera ; dirigido por Francisco Pérez García, Ezequiel Uriel Jiménez |
| 246 | _aMás allá del PIB | ||
| 250 | _aPrimera Edición : enero 2023 | ||
| 260 |
_aBilbao : _bFundación BBVA, _c2023 |
||
| 300 |
_a390 páginas ; _c24 cm |
||
| 336 |
_2rdacontent _atexto |
||
| 337 |
_2rdamedia _asin mediación |
||
| 338 |
_2rdacarrier _avolumen |
||
| 520 | _aEsta monografía aborda los problemas que plantea ir más allá del producto interior bruto (PIB) con el fin de construir indicadores de bienestar más amplios, estimándolos para España. Tres limitaciones del PIB son que no considera el valor de gran parte de las actividades productivas o de ocio de los hogares, no refleja las desigualdades económicas y no tiene en cuenta externalidades negativas asociadas al crecimiento económico. | ||
| 700 |
_aGómez Tello, Alicia _eaut _9238722 |
||
| 700 |
_aHernández Lahiguera, Laura _eaut _9159584 |
||
| 852 |
_aES-MaACL _cDEPOJ _jN-9918 _xEncuadernación rústica con solapas _hDonación: Editorial _9205838 |
||
| 942 |
_cMONOGRAFIA _n0 |
||
| 999 |
_c194903 _d194903 |
||